Film Szent-Györgyi Albertről

Elmentve itt :
Bibliográfiai részletek
Dokumentumtípus: Cikk
Megjelent: 1984-11-17
Sorozat:Délmagyarország 74 No. 270
Kulcsszavak:Szent-Györgyi Albert
Online Access:http://dmarchiv.bibl.u-szeged.hu/100310
LEADER 00408nab a2200145 i 4500
001 delm100310
005 20190903083830.0
008 190903s1984 hu o 0|| hun d
040 |a SZTE Délmagyarország Archívum  |b hun 
041 |a hun 
245 0 0 |a Film Szent-Györgyi Albertről  |h [elektronikus dokumentum] 
260 |c 1984-11-17 
300 |a 4 
490 0 |a Délmagyarország  |v 74 No. 270 
695 |a Szent-Györgyi Albert